| 000 | 00909nam a2200277 i 4500 | ||
|---|---|---|---|
| 001 | bgj | ||
| 245 | 1 | 0 |
_aGermanistentreffen Bundesrepublik Deutschland - Polen : _b26.9-30.9.1993 / _cHrsg.: Deutscher Akademischer Austauschdienst (DAAD) ; Red. Werner Roggausch. |
| 246 | 1 | 0 | _aDokumentation der Tagungsbeiträge |
| 260 |
_aBonn : _bDAAD, _c1994. |
||
| 300 |
_a414 s. ; _c21 cm. |
||
| 490 | _aReihe Germanistik | ||
| 650 | _aJęzyk niemiecki | ||
| 650 | 9 | _aLiteratura niemiecka | |
| 700 | 1 | _aROGGAUSCH, Werner. | |
| 710 | 1 |
_aDeutscher Akademischer Austauschdienst |(DAAD) _cBonn |
|
| 710 | 1 |
_aGermanistentreffen Bundesrepublik Deutschland - Polen _d26.9-30.9.1993 _cBonn |
|
| 830 | _aReihe Germanistik | ||
| 020 | _a3871925403 | ||
| 040 | _cBPK | ||
| 041 | 0 | _ager | |
| 044 | _aDEU | ||
| 080 | _a81'1 | ||
| 920 | _a3-87192-540-3 | ||
| 942 | _cKS | ||
| 008 | s gw f |000 0 ger | ||
| 999 |
_c49562 _d49562 |
||